| 000 | 00799nam a22002177a 4500 | ||
|---|---|---|---|
| 999 |
_c8555 _d8555 |
||
| 003 | AR-CdUCM | ||
| 008 | 190325b ||||| |||| 00| 0 spa d | ||
| 040 |
_aMUNICIPALIDAD PROVINCIAL DEL CUSCO _cBIBLIOTECA MUNICIPAL DEL CUSCO |
||
| 082 |
_a530 / _bF38 |
||
| 100 |
_aFreeman, Ira M _923963 |
||
| 245 | _aFísica Simplificada / | ||
| 260 |
_aMéxico : _bCompañia general de ediciones S. A. _c1963. |
||
| 300 |
_a108 páginas ; _c27 cm. |
||
| 505 | _aContenido : Materia y energía -- Masa y peso --Como medimos las cosas -- Tiempo -- Presión de los líquidos -- Aplicación de la presión de los fluidos ... | ||
| 650 |
_aFísica simplificada _923964 |
||
| 650 |
_a Presión _918784 |
||
| 650 |
_aPotencia _923965 |
||
| 700 |
_aGarcia Charbet, Max _923966 |
||
| 942 |
_2ddc _cLIBROS |
||
| 945 | _arah | ||